LEADER 01390nam a2200313 a 4500 001 000000128320 003 CaOOAMICUS 005 20120403150414.0 008 120403s2008 it u000 u ita r 020 $a978-88-498-2009-6 040 $aPUL$bita 041 1 $aita$hfre 082 04$a321.8 100 1 $aManent, Pierre.$0(OLS)http://pul/name/40116 240 10$aRaison de la nation. Réflexions sur la démocratie en Europe.$lItaliano.$0(OLS)http://pul/title/162160 245 10$aIn difesa della Nazione :$briflessioni sulla democrazia in Europa /$cPierre Manent. 260 $aSoveria Mannelli :$bRubbettino,$c©2008. 300 $a65 p. ;$c23 cm. 490 1 $aSaggi. Scienza politica ;$v195 650 4$aDemocrazia$zEuropa.$0(OLS)http://pul/subject/38582 830 0$aSaggi (Rubettino).$pScienza politica ;$v195.$0(OLS)http://pul/title/150892 850 $aPUL 852 $aPUL$W1$xSL Diritto e Scienze Sociali 3$y79$m321. 8 MANPI 1$j148557$qDDC 21$B147108$CPULBib$Z2$F147108 $H119492 $82 941 1 $a9 996 $6020$a978-88-498-2009-6$9(OLS)http://pul/number/149405 996 $6082$a321.8$9(OLS)http://pul/classification/710 996 $6245$aIn difesa della Nazione :$briflessioni sulla democrazia in Europa$9(OLS)http://pul/title/162161 996 $6260$aSoveria Mannelli :$bRubbettino$9(OLS)http://pul/publisher/51639 LEADER 01355nam a2200301 u 4500 001 000000028270 003 CaOOAMICUS 005 20070226111801.0 008 960603s1958 sp u000 u spa u 035 $a10733171 040 $aPUL$bita 100 0 $aPacianus Barcinonensis,$csanto,$dmorto prima 392.$0(OLS)http://pul/name/18867 245 10$aObras /$cEdicion critica y traducion por Lisardo Rubio Fernandez. 260 $aBarcelona :$bUniversidad. Facultad de filosofia y letras,$c1958. 300 $a187 p. ;$c25 cm 490 1 $aBiblioteca de autores barceloneses 500 $aComprende indici 504 $aBibliografia p. 44-45 600 04$aPacianus,$cs., vesc. di Barcelona,$dsec. IV.$0(OLS)http://pul/subject/8690 700 1 $aRubio Fernández, Lisardo.$0(OLS)http://pul/name/23034 830 0$aBiblioteca de autores barceloneses.$0(OLS)http://pul/title/38614 850 $aPUL 852 $aPUL$W1$xDP1 Fondo Maccarrone$y58$m1505 F 25$j39279$nBK-PRI$b $qFondi$B39279$CPULBib$Z2$F39279 $H $81 900 $aPaciano,$csanto, vescovo di Barcellona,$dmorto prima 392$918867 941 1 $a1 961 $aINV: 01624 -- Fondo Mons. M. Maccarrone 996 $6245$aObras$9(OLS)http://pul/title/38613 996 $6260$aBarcelona :$bUniversidad. Facultad de filosofia y letras$9(OLS)http://pul/publisher/60064